| 000 | 00498nam a2200181Ia 4500 | ||
|---|---|---|---|
| 008 | 240729s9999 xx 000 0 und d | ||
| 022 | _a2667-2782 | ||
| 245 | 4 | _aThe Journal of Climate Change and Health | |
| 260 | _aFrance | ||
| 260 | _bElsevier | ||
| 650 | _a Meteorology. Climatology | ||
| 650 | _a Physics | ||
| 650 | _a Public aspects of medicine | Science | ||
| 650 | _aMedicine | ||
| 856 | _uhttps://doaj.org/toc/2fa8038e15da4d70a9827388db8ba625 | ||
| 942 | _2ddc | ||
| 942 | _cDOAJEJ | ||
| 999 |
_c65670 _d65670 |
||
| 945 |
_a1 _bMadushi Gamage _c1 _dMadushi Gamage |
||